000 00486nam a22001697a 4500
003 OSt
005 20251028120610.0
008 251028b |||||||| |||| 00| 0 eng d
040 _cMRSPTU
041 _aENG
100 _aKiran, Vidhu
245 _aTrust Based Secured Routing Mechanisms in Internet of Things
260 _aBathinda
_bMRSPTU
_c2020
650 _aComputer Science and Engineering
856 _uhttp://163.47.215.52:8080/jspui/handle/123456789/391
942 _2ddc
_cTH
_n0
999 _c10595
_d10595